| 000 -LEADER |
| fixed length control field |
01532cam a2200409 i 4500 |
| 001 - CONTROL NUMBER |
| control field |
20337003 |
| 003 - CONTROL NUMBER IDENTIFIER |
| control field |
NUST |
| 005 - DATE AND TIME OF LATEST TRANSACTION |
| control field |
20200903141341.0 |
| 008 - FIXED-LENGTH DATA ELEMENTS--GENERAL INFORMATION |
| fixed length control field |
180202s2016 pk b 001 0 eng |
| 010 ## - LIBRARY OF CONGRESS CONTROL NUMBER |
| LC control number |
2018322106 |
| 020 ## - INTERNATIONAL STANDARD BOOK NUMBER |
| International Standard Book Number |
9789694481678 |
| 025 ## - OVERSEAS ACQUISITION NUMBER |
| Overseas acquisition number |
P-E-2018322106; 17; 35 |
| 037 ## - SOURCE OF ACQUISITION |
| Source of stock number/acquisition |
Library of Congress -- Islamabad Overseas Office |
| 038 ## - RECORD CONTENT LICENSOR |
| Staff Name |
MSOHAIL320.557 |
| 040 ## - CATALOGING SOURCE |
| Original cataloging agency |
DLC |
| Language of cataloging |
eng |
| Transcribing agency |
DLC |
| Description conventions |
rda |
| 041 1# - LANGUAGE CODE |
| Language code of text/sound track or separate title |
eng |
| Language code of original |
urd |
| 042 ## - AUTHENTICATION CODE |
| Authentication code |
lcode |
| -- |
pcc |
| 050 00 - LIBRARY OF CONGRESS CALL NUMBER |
| Classification number |
BP166.9 |
| Item number |
.M3813 2018 |
| 082 ## - DEWEY DECIMAL CLASSIFICATION NUMBER |
| Classification number |
320.557 |
| Author Mark |
MAW |
| 100 1# - MAIN ENTRY--PERSONAL NAME |
| Personal name |
Maudoodi, Syed Abul ʻAla, |
| Dates associated with a name |
1903-1979, |
| Relator term |
author. |
| 9 (RLIN) |
29814 |
| 240 10 - UNIFORM TITLE |
| Uniform title |
K̲h̲ilāfat o mulūkiyyat. |
| Language of a work |
English |
| 245 10 - TITLE STATEMENT |
| Title |
Islam's political order : |
| Remainder of title |
the model, deviations and Muslim response : al-Khilāfah wa al-mulūkīyah / |
| Statement of responsibility, etc. |
translated by Tarik Jan ; edited by Anis Ahmad. |
| 246 3# - VARYING FORM OF TITLE |
| Title proper/short title |
Sayyid Abuʼl Aʻla Mawdūdī Islam's political order |
| 246 30 - VARYING FORM OF TITLE |
| Title proper/short title |
Khilāfah wa al-Mulūkīyah |
| 264 #1 - PRODUCTION, PUBLICATION, DISTRIBUTION, MANUFACTURE, AND COPYRIGHT NOTICE |
| Place of production, publication, distribution, manufacture |
Islamabad : |
| Name of producer, publisher, distributor, manufacturer |
Institute of Policy Studies, |
| Date of production, publication, distribution, manufacture, or copyright notice |
2018. |
| 300 ## - PHYSICAL DESCRIPTION |
| Extent |
xli, 241 pages ; |
| Dimensions |
25 cm |
| 336 ## - CONTENT TYPE |
| Content type term |
text |
| Content type code |
txt |
| Source |
rdacontent |
| 337 ## - MEDIA TYPE |
| Media type term |
unmediated |
| Media type code |
n |
| Source |
rdamedia |
| 338 ## - CARRIER TYPE |
| Carrier type term |
volume |
| Carrier type code |
nc |
| Source |
rdacarrier |
| 504 ## - BIBLIOGRAPHY, ETC. NOTE |
| Bibliography, etc. note |
Includes bibliographical references (pages 228-233) and index. |
| 650 #0 - SUBJECT ADDED ENTRY--TOPICAL TERM |
| Topical term or geographic name entry element |
Caliphate. |
| 9 (RLIN) |
29815 |
| 700 1# - ADDED ENTRY--PERSONAL NAME |
| Personal name |
Ahmad, Anis, |
| Dates associated with a name |
1944- |
| Relator term |
editor. |
| 9 (RLIN) |
29816 |
| 710 2# - ADDED ENTRY--CORPORATE NAME |
| Corporate name or jurisdiction name as entry element |
Institute of Policy Studies (Islāmābād, Pakistan) |
| 9 (RLIN) |
6598 |
| 906 ## - LOCAL DATA ELEMENT F, LDF (RLIN) |
| a |
7 |
| b |
cbc |
| c |
origode |
| d |
3 |
| e |
ncip |
| f |
20 |
| g |
y-gencatlg |
| 942 ## - ADDED ENTRY ELEMENTS (KOHA) |
| Source of classification or shelving scheme |
|
| Koha item type |
Book |